000 01538cam a2200277 ia4500
003 SA-RiAUC
005 20251229064335.0
008 251228q19001999xx g 000 0cara c
024 0 _a30163000001887
040 _aSA-JeALM
_bara
_cSA-RiMOC
_erda
050 4 _b.M84 1900z
082 0 4 _a920
_qSA-RiAUC
090 _aن 920
_bم ح ب
100 1 _aالمحبي، محمد أمين بن فضل الله بن محب الله،
_d1061-1111 هجري
_eمؤلف.
245 1 0 _aتاريخ خلاصة الأثر في أعيان القرن الحادي عشر /
_cللعالم الفاضل والهمام الكامل أديب عصره وفريد دهره المولى محمد المحبي.
246 3 0 _aخلاصة الأثر في أعيان القرن الحادي عشر
264 1 _aالقاهرة - مصر :
_bالمطبعة الوهبية ،
_c[بين 1867 و1868]
300 _a4 مجلد (501 ؛ 475 ؛ 495 ؛ 511 صفحة) ؛
_c24 سم.
336 _aنص
_btxt
_2rdacontent
_3كتاب
337 _aبدون وسيط
_bn
_2rdamedia
338 _aمجلد
_bnc
_2rdacarrier
500 _aملاحظات من الشيخ رحمه الله في بداية الكتاب . يوجد تملك مع ختم من حسن احمد حلابه في 26 ذي الحجة 1310 هـ + تملك من محمد سعيدالعامودي عام 1361 هـ من عبدالعزيز التركي .
651 7 _aالبلاد الإسلامية
_yقرن 11
_vتراجم
_2aucsh
942 _2ddc
_cRARE BOOK
_n0
949 _aSA-JeALM
_d251228
_uosman123
_n1
999 _c13766
_d13766